00909nam a2200253 i 4500001000700000003000900007007000300016008004100019080001100060080001700071100002800088245011700116250002700233260003300260300002200293490003200315500002900347650002400376651004100400830004000441852003300481999001900514952012200533106014ES-MaACLt|060920s1950 bo ||||1| spa d a330.14 a338.2(47+57)1 aReytan R., Juan.99663913aEl problema de la restauración capitalista en Rusia b: ¿estado obrero o estado burgués? / cJuan Reytan R. a1ª ed. en castellano. aLa Paz : bFénix, c[1950] a115 p. ; c19 cm.1 aPensamiento crítico ; v1 aBiblioteca Juan Andrade.14aCapitalismo.910760 4aURSS-xPolítica económica.994770 aPensamiento crítico ; v19232800 aES-MaACLjAND-758 bR.110054 c106014d106014 00104070aATENEOMbATENEOMcDEPO2d2008-01-17eSCl0oAND-758p1110676r2023-02-23 00:00:00w2023-02-23yMONOGRAFIA